01573nam a2200349 i 4500001000700000003000900007005001700016007000300033008004100036080002300077080002300100100004900123245009800172246001700270260008400287300003000371490005200401490003700453500004800490504002000538505008900558546004600647594002800693600006300721600007900784700003600863830006000899830004500959852007701004999001901081952012301100133739ES-MaACL20230906194522.0t|070828s1946 sp ||||1| spa d a1 Agustín, Santo a929 Agustin, Santo0 aAgustín cSanto, Obispo de Hipona.912556310aConfesiones / cSan Agustín ; [edición crítica y anotada por el R. P. Ángel C. Vega].11aConfessiones aMadrid : bBiblioteca de Autores Cristianos : bLa Editorial Católica,c1946. a975 p. : bil. ; c20 cm.1 aObras de San Agustín : texto bilingüe ; v21 aB.A.C. Sección VI. Filosofía aCronología de las obras de San Agustín. aBibliografía.8 aContiene: T. II : Introducción a la filosofía de San Agustín. Las Confesiones. aTexto latino y traducción en español. aTít. tomado del lomo.04aAgustín cSanto, Obispo de Hipona-xBiografías.91892004aAgustín cSanto, Obispo de Hipona-xCrítica e interpretación.9189181 aVega, Ángel Custodio.91135350 aObras de San Agustín : texto bilingüe ; v292197770 aB.A.C. Sección VI. Filosofía91919014 aES-MaACLjE-12044 9R.139951 z. - Biblioteca Jacinto Martínez Lacalle c133739d133739 00104070aATENEOMbATENEOMcDEPO2d2008-01-17eDONl0oE-12044p1139221r2023-02-23 00:00:00w2023-02-23yMONOGRAFIA